| Поле | Инд. | ПП | Название | Значение |
|---|---|---|---|---|
| Тип записи | a | |||
| Библиографический уровень | m | |||
| 001 | Контрольный номер | RU/LIBMSTU/337177446 | ||
| 005 | Дата корректировки | 20190515160912.0 | ||
| 008 | Кодируемые данные | 100915|||||||||ru |||||||||||000|||rus|| | ||
| 020 | a | ISBN | 978-5-279-03349-2 | |
| c | Цена, тираж | 342-00 | ||
| 040 | b | Код языка каталог. | rus | |
| 041 | 0_ | a | Код языка текста | rus |
| 084 | a | Индекс другой классификации/Индекс ББК | 60.561.2я7+60.56я7+60.83я7 | |
| 090 | a | Полочн. индекс | 60.5 | |
| x | Авторский знак | Р 34 | ||
| 100 | 1_ | a | Автор | Резник С. Д. |
| 245 | 10 | a | Заглавие | Гендерный менеджмент: женщины в управлении |
| b | Продолж. заглавия | учеб. пособие | ||
| 260 | a | Место издания | Москва | |
| b | Издательство | Финансы и статистика | ||
| c | Дата издания | 2009 | ||
| 300 | a | Объем | 414, [1] с. | |
| b | Иллюстрации/ тип воспроизводства | ил. | ||
| 504 | a | Библиография | Библиогр.: с. 404-408 | |
| 650 | 04 | a | Основная рубрика | Менеджмент гендерный-Учебные издания для высших учебных заведений |
| 650 | 14 | a | Основная рубрика | Социология управления-Женские модели управления-Учебные издания для высших учебных заведений |
| 653 | 0_ | a | Ключевые слова | Женщины |
| a | Ключевые слова | Женщины-лидеры | ||
| a | Ключевые слова | Женщины-менеджеры | ||
| a | Ключевые слова | Женщины-руководители | ||
| a | Ключевые слова | Менеджмент гендерный | ||
| a | Ключевые слова | Социология управления | ||
| 700 | 12 | a | Другие авторы | Макарова С. Н. |
| 901 | t | Тип документа | m | |
| 952 | b | Гриф литературы для ВШ | Допущено Советом УМО вузов России по образованию в области менеджмента | |
| c | Вид литературы | учебное пособие |